000 00536nam a22002057a 4500
003 OSt
005 20140310182033.0
008 130814t xxu||||| |||| 00| 0 eng d
020 _a1840133791
020 _a9781840133790
050 _aBD 10
_b.G447 2001
082 _aHS 170
_bG35 2001
100 _aGibran, Kahlil
_910214
245 _aA treasury of wisdom /
_cKahlil Gibran
260 _aUnited Kingdom :
_bAxiom Publishing,
_cc2001.
300 _a128 p. :
_c21 cm.
650 _aWisdom
_910383
942 _2lcc
_cHS
999 _c8608
_d8608